World Capitals By Last Two Letters - Statistics

General Stats
  • This quiz has been taken 1,372 times
  • The average score is 135 of 201
Answers on the Map
Answers color-coded by a green-red scale on the quiz's map according to % correct below.
 
Answer Stats
Country Capital % Correct
United States Of America Washington D.C
97%
Paraguay Asunción
96%
Portugal Lisbon
96%
United Kingdom London
96%
Kazakhstan Nur-Sultan
96%
New Zealand Wellington
96%
Cyprus Nicosia
95%
Panama Panama City
95%
Austria Vienna
95%
Samoa Apia
94%
Brazil Brasilia
94%
Guatemala Guatemala City
94%
Liberia Monrovia
94%
Cape Verde Praia
94%
South Africa Pretoria
94%
Italy Rome
94%
Bulgaria Sofia
94%
Vatican City Vatican City
94%
Seychelles Victoria
94%
Brunei Bandar Seri Begawan
93%
Ethiopia Addis Ababa
92%
Cuba Havana
92%
Slovenia Ljubljana
92%
Eswatini Mbabane
92%
Chad N'djamena
92%
Kosovo Pristina
92%
Yemen Sana'a
92%
Albania Tirana
92%
Poland Warsaw
92%
Ghana Accra
91%
Australia Canberra
91%
Solomon Islands Honiara
91%
Mexico Mexico City
91%
Turkey Ankara
90%
Eritrea Asmara
90%
Colombia Bogotá
88%
Tanzania Dodoma
88%
Peru Lima
88%
Bahrain Manama
88%
Malta Valletta
88%
South Africa Bloemfontein
87%
Belgium Brussels
87%
Indonesia Jakarta
87%
Jordan Amman
86%
Belize Belmopan
86%
Germany Berlin
86%
Ireland Dublin
86%
Russia Moscow
86%
Canada Ottawa
86%
Trinidad And Tobago Port Of Spain
86%
Kiribati South Tarawa
86%
Iran Tehran
86%
Armenia Yerevan
86%
Mauritius Port Louis
85%
Andorra Andorra La Vella
84%
Uganda Kampala
84%
Philippines Manila
84%
France Paris
84%
Vanuatu Port Vila
84%
Tunisia Tunis
84%
Finland Helsinki
83%
Turkmenistan Ashgabat
82%
Argentina Buenos Aires
81%
Saint Lucia Castries
81%
Grenada Saint George's
81%
Bahamas Nassau
80%
Chile Santiago
80%
Dominican Republic Santo Domingo
80%
Saint Kitts And Nevis Basseterre
79%
Zimbabwe Harare
79%
Kuwait Kuwait City
79%
Singapore Singapore
79%
Bolivia Sucre
79%
Barbados Bridgetown
78%
Sierra Leone Freetown
78%
Jamaica Kingston
78%
Saint Vincent And The Grenadines Kingstown
78%
South Africa Cape Town
77%
Guyana Georgetown
77%
Norway Oslo
77%
South Korea Seoul
77%
Gambia Banjul
76%
China Beijing
76%
Afghanistan Kabul
76%
North Korea Pyongyang
76%
Mozambique Maputo
75%
Cambodia Phnom Penh
75%
Ecuador Quito
75%
Bangladesh Dhaka
73%
Oman Muscat
73%
Morocco Rabat
73%
Egypt Cairo
72%
East Timor Dili
72%
Rwanda Kigali
72%
Spain Madrid
72%
Marshall Islands Majuro
72%
Libya Tripoli
72%
Mongolia Ulaanbaatar
72%
Ivory Coast Yamoussoukro
72%
Dominica Roseau
71%
Guinea-Bissau Bissau
70%
Moldova Chisinau
70%
Senegal Dakar
70%
Iceland Reykjavik
70%
Denmark Copenhagen
69%
Nauru Yaren
69%
Japan Tokyo
68%
Czech Republic Prague
67%
Netherlands Amsterdam
65%
Burundi Gitega
65%
Latvia Riga
65%
Madagascar Antananarivo
64%
Benin Porto-Novo
64%
Bosnia And Herzegovina Sarajevo
64%
Congo, (Rep of) Brazzaville
63%
Venezuela Caracas
63%
Gabon Libreville
63%
Maldives Male
63%
Sweden Stockholm
63%
Algeria Algiers
61%
Greece Athens
61%
Iraq Baghdad
61%
Monaco Monaco
61%
India New Delhi
61%
Antigua And Barbuda Saint John's
61%
Pakistan Islamabad
60%
Bolivia La Paz
60%
Equatorial Guinea Malabo
60%
Suriname Paramaribo
60%
Sri Lanka Colombo
59%
Togo Lomé
59%
Zambia Lusaka
59%
São Tomé and Príncipe São Tomé
59%
Slovakia Bratislava
58%
Fiji Suva
57%
Syria Damascus
56%
Uruguay Montevideo
56%
Lithuania Vilnius
56%
Kyrgyzstan Bishkek
55%
Botswana Gaborone
55%
Angola Luanda
55%
Somalia Mogadishu
55%
Bhutan Thimphu
55%
Laos Vientiane
55%
Namibia Windhoek
55%
South Sudan Juba
54%
El Salvador San Salvador
54%
Costa Rica San Jose
53%
United Arab Emirates Abu Dhabi
52%
Djibouti Djibouti
52%
Tuvalu Funafuti
52%
Honduras Tegucigalpa
52%
Qatar Doha
51%
Kenya Nairobi
51%
Ukraine Kiev
50%
Nicaragua Managua
49%
Cameroon Yaounde
49%
Serbia Belgrade
48%
Myanmar Nay Pyi Taw
48%
Luxembourg Luxembourg
47%
Saudi Arabia Riyadh
47%
San Marino San Marino
47%
Nepal Kathmandu
46%
Belarus Minsk
46%
Haiti Port-Au-Prince
46%
Azerbaijan Baku
45%
Thailand Bangkok
45%
Switzerland Bern
45%
Sudan Khartoum
45%
Montenegro Podgorica
44%
Romania Bucharest
43%
Hungary Budapest
43%
Malaysia Kuala Lumpur
43%
Congo Kinshasa
42%
Georgia Tbilisi
42%
Vietnam Hanoi
41%
Comoros Moroni
41%
Nigeria Abuja
39%
Israel Jerusalem
38%
Croatia Zagreb
38%
Mali Bamako
36%
Burkina Faso Ouagadougou
36%
Estonia Tallinn
36%
Central African Republic Bangui
35%
Benin Cotonou
35%
Niger Niamey
35%
North Macedonia Skopje
35%
Liechtenstein Vaduz
35%
Taiwan Taipei
34%
Sri Lanka Kotte
33%
Tajikistan Dushanbe
32%
Malawi Lilongwe
32%
Papua New Guinea Port Moresby
31%
Mauritania Nouakchott
30%
Lebanon Beirut
29%
F.S Micronesia Palikir
28%
Uzbekistan Tashkent
28%
Lesotho Maseru
24%
Tonga Nukuʻalofa
24%
Palau Ngerulmud
22%
Guinea Conakry
21%
No matching quizzes found
Score Distribution
Percent of People with Each Score
Percentile by Number Answered
Your Score History
You have not taken this quiz